| 000 | 00530nam a22001577a 4500 | ||
|---|---|---|---|
| 999 |
_c15530 _d15530 |
||
| 003 | OSt | ||
| 008 | 180919b ||||| |||| 00| 0 eng d | ||
| 082 |
_a631.587 _bVEN/WA |
||
| 100 |
_aVenkata sai _93316 |
||
| 245 | _aWater availability and climatic water balance for a selected cropped area | ||
| 260 |
_aThavanoor _bDepartment of irrigation and drinage engineering _c2018 |
||
| 300 |
_a123 _eCD |
||
| 700 |
_aAsha joseph (Guide) _93317 |
||
| 856 | _uhttps://drive.google.com/open?id=13Wnev16pb_K9EnrH_tgjxhZh3bwFNdYQ | ||
| 942 | _cBK | ||